000 00799nam a22002297a 4500
005 20240530110917.0
008 220221s2007 ua c g b 000 0 ara d
017 _bمصر. دار الكتب
_a2006/21593
020 _a9774083954
040 _aEG-CaGPL
_cEG-CaGPL
082 0 4 _221
_a333.56 /
_bك ت
100 1 _aكويل ، برايان
245 1 2 _aالتاجير فن وادارة /
_cبرايان كويل ؛ ترجمة خالد العامرى
250 _aط.1
260 _aالقاهرة :
_bدار الفاروق للاستثمارات الثقافية،
_c2007
300 _a176 ص؛
_c24 سم
650 0 7 _aالايجارات
_2qrmak
651 _2qrmak
700 0 _aخالد العامرى
_eمترجم
942 _2ddc
_cBK
999 _c66415
_d66415